000 00639nam a2200169Ia 4500
008 090201s9999 xx 000 0 und d
010 _aKPL-50695
040 _bमराठी
041 _aमराठी
082 _a19457
_b50695
100 _aसुरेशचंद्र नाडकर्णी
245 _aपृथ्वीवर माणूस उपराच
_cसुरेशचंद्र नाडकर्णी
260 _c2004
_bमेहता पब्लिशिंग हाऊस
300 _a82
_bमोठा
600 _aपृथ्वीवर माणूस उपराच
942 _cBOOK
999 _c219270
_d219270